|
|
|
|
| LEADER |
01252nam a22002537a 4500 |
| 003 |
GR-PaULI |
| 005 |
20250207100145.0 |
| 008 |
800909s1970 enk b 001 0 eng |
| 952 |
|
|
|0 0
|1 0
|2 ddc
|4 0
|6 372_370000000000000_EDU
|7 0
|9 365270
|a PTDE
|b PTDE
|d 2022-10-18
|i 12557
|l 0
|o 372.37 EDU
|p 025000212407
|r 2022-10-18 00:00:00
|t 1
|v 2022.00
|w 2022-10-18
|y BK15
|z Δωρεά Σ. Παντελή
|
| 999 |
|
|
|c 213502
|d 213502
|
| 040 |
|
|
|a GR-PaULI
|c GR-PaULI
|b gre
|e AACR2
|
| 082 |
0 |
4 |
|2 23
|a 372.37
|
| 245 |
0 |
0 |
|a Education, health and behaviour /
|c edited by Michael Rutter, Jack Tizard, Kingsley Whitmore.
|
| 260 |
|
|
|a London :
|b Longman,
|c 1970.
|
| 300 |
|
|
|a xv, 474 σ. ;
|c 24 εκ.
|
| 504 |
|
|
|a Περιέχει βιβλιογραφικές παραπομπές και ευρετήριο.
|
| 650 |
|
4 |
|a Σχολική υγιεινή
|9 194362
|
| 650 |
|
4 |
|a Παιδιά με ειδικές ανάγκες
|z Μεγάλη Βρετανία
|9 45322
|
| 650 |
|
4 |
|a Υπηρεσίες υγείας
|z Μεγάλη Βρετανία
|9 194363
|
| 700 |
1 |
|
|a Tizard, Jack
|d 1919-1979
|e επιμελητής
|9 171728
|
| 700 |
1 |
|
|a Rutter, Michael,
|d 1933-
|e επιμελητής
|9 154056
|
| 700 |
1 |
|
|a Whitmore, Kingsley
|e επιμελητής
|9 194361
|
| 942 |
|
|
|2 ddc
|c BK15
|
| 998 |
|
|
|c ΤΣΕΝΕ
|d 2022-10
|